| 000 | 02336nam a22004457a 4500 | ||
|---|---|---|---|
| 001 | 419 | ||
| 003 | FISKH | ||
| 005 | 20230411103503.0 | ||
| 008 | 230411b cb ||||| |||| 00| 0 eng d | ||
| 010 | _a 2002006512 | ||
| 020 | _a0060097000 | ||
| 020 | _a0060097019 (lib. bdg.) | ||
| 040 |
_aDLC _cDLC _dDLC _dFISKH _beng |
||
| 043 | _an-us--- | ||
| 050 | 0 | 0 |
_aPS3537.T3178 _bZ478 2003 |
| 082 | 0 | 0 |
_a813/.54 _221 |
| 100 | 1 |
_aSteig, William, _d1907-2003. |
|
| 245 | 1 | 0 |
_aWhen everybody wore a hat / _cWilliam Steig. |
| 250 | _a1st ed. | ||
| 260 |
_aNew York : _bJoanna Cotler Books, _c2003. |
||
| 300 |
_a20 leaves of plates : _billustrations : _c23 x 21 cm |
||
| 505 | _aH | ||
| 520 | _aThis is the story of when I was a boy, almost 100 years ago, when fire engines were pulled by horses, boys did not play with girls, kids went to libraries for books, there was no TV, you could see a movie for a nickel and everybody wore a hat. When Everybody Wore a Hat was one of celebrated author/artist William Steig's last gifts to the world of children's books: a portrait of the artist himself, told in Steig's signature quirky words and illustrations. Now in paperback, this funny, poignant, and revealing picture book has all the vitality and wit of a Steig classic. | ||
| 521 | 8 |
_a520
_bLexile |
|
| 521 | 8 |
_aH
_bRaz-Plus |
|
| 600 | 1 | 0 |
_aSteig, William, _d1907-2003 _xHomes and haunts _zNew York (State) _zNew York. |
| 600 | 1 | 0 |
_aSteig, William, _d1907-2003 _xChildhood and youth. |
| 650 | 0 |
_aAuthors, American _xHomes and haunts _zNew York (State) _zNew York. |
|
| 650 | 0 |
_aAuthors, American _y20th century _vBiography. |
|
| 650 | 0 |
_aIllustrators _zUnited States _vBiography. |
|
| 650 | 0 |
_aCartoonists _zUnited States _vBiography. |
|
| 651 | 0 |
_aBronx (New York, N.Y.) _xIntellectual life _y20th century. |
|
| 651 | 0 |
_aBronx (New York, N.Y.) _xSocial life and customs. |
|
| 651 | 0 |
_aBronx (New York, N.Y.) _vBiography. |
|
| 856 | 4 | 2 |
_3Publisher description _uhttp://www.loc.gov/catdir/description/hc042/2002006512.html |
| 856 | 4 | 2 |
_3Contributor biographical information _uhttp://www.loc.gov/catdir/enhancements/fy0910/2002006512-b.html |
| 906 |
_a7 _bcbc _corignew _d1 _eecip _f20 _gy-gencatlg |
||
| 942 |
_2ddc _cBK _n0 |
||
| 999 |
_c419 _d419 |
||